000 00440nam a2200157 i 4500
001 74320
003 ES-MaACL
005 20230906172104.0
007 t|
008 040917s1958 sp ||||1| spa d
100 1 _aGonzález Garcés, Miguel.
_958644
245 1 3 _aEl libro y el verso /
_cMiguel González Garcés.
260 _a[S.l. :
_bs.n.,
_c1958] (
_eLa Coruña :
_fMoret)
300 _a109 p. ;
_c21 cm.
852 _aES-MaACL
_jC-17714
999 _c74320
_d74320